[Event "81759 VII. Rakosmente Open"]
[Site "Budapest, Hungary"]
[Date "2013.09.14"]
[Round "4.3"]
[White "Molnar, Laszlo"]
[Black "Kovacsy, Barnabas"]
[Result "1-0"]
[WhiteElo "2041"]
[BlackElo "1556"]
[PlyCount "79"]
[EventDate "2013.??.??"]

1. e4 c5 2. b3 Nc6 3. Bb2 a6 4. c4 Nf6 5. e5 Ng8 6. Nf3 e6 7. g3 Be7 8. Bg2 Nh6
9. O-O O-O 10. Nc3 Nf5 11. Ne4 Nfd4 12. Nxd4 Nxd4 13. b4 Qb6 14. Bxd4 cxd4 15.
a3 Rb8 16. Qb3 Qd8 17. Qd3 b6 18. Qxd4 Bb7 19. Nd6 Bxd6 20. exd6 Bxg2 21. Kxg2
Qf6 22. Qxf6 gxf6 23. d4 Rfc8 24. Rac1 Rc6 25. c5 bxc5 26. dxc5 Rb5 27. Rc4 a5
28. Ra1 f5 29. Kf3 f6 30. Ke3 Kg7 31. Kd3 Kg6 32. Kc3 a4 33. g4 h5 34. gxf5+
Kxf5 35. Rg1 Rc8 36. Rg7 Rb7 37. Rh4 e5 38. Rxh5+ Ke6 39. Kc4 f5 40. Rh6# 1-0

[Event "81759 VII. Rakosmente Open"]
[Site "Budapest, Hungary"]
[Date "2013.09.14"]
[Round "4.4"]
[White "Mester, Attila"]
[Black "Abraham, Lajos"]
[Result "0-1"]
[WhiteElo "2071"]
[BlackElo "1818"]
[PlyCount "74"]
[EventDate "2013.??.??"]

1. e4 e5 2. Nf3 Nc6 3. Bc4 Be7 4. d4 exd4 5. Nxd4 Ne5 6. Be2 d5 7. f4 Ng6 8. e5
c5 9. Nb3 f6 10. Bb5+ Bd7 11. Bxd7+ Qxd7 12. Qh5 O-O-O 13. O-O fxe5 14. fxe5
Qe6 15. Re1 Nf6 16. Qe2 Nd7 17. Nc3 c4 18. Nd4 Bc5 19. Be3 Qxe5 20. Qd2 Nf6 21.
Rad1 Ng4 22. g3 Nxe3 23. Rxe3 Bxd4 24. Qxd4 Qxd4 25. Rxd4 Rhe8 26. Rxe8 Rxe8
27. Rxd5 Ne5 28. h3 a6 29. a4 Kc7 30. Kg2 Kc6 31. a5 Nd7 32. Rg5 g6 33. h4 Ne5
34. Ne4 h6 35. Rxe5 Rxe5 36. Kf3 Rxa5 37. g4 Ra2 0-1

[Event "81759 VII. Rakosmente Open"]
[Site "Budapest, Hungary"]
[Date "2013.09.14"]
[Round "4.5"]
[White "Keszi, Janos"]
[Black "Bartuszek, Andras"]
[Result "1-0"]
[WhiteElo "2084"]
[BlackElo "1899"]
[PlyCount "119"]
[EventDate "2013.??.??"]

1. d4 Nf6 2. Nf3 g6 3. Bg5 Bg7 4. Nbd2 d5 5. e3 O-O 6. Bd3 c5 7. c3 cxd4 8.
exd4 Nbd7 9. O-O a6 10. a4 b6 11. Re1 Re8 12. h3 Bb7 13. Ne5 Nf8 14. Qb3 Ne6
15. Nef3 Nxg5 16. Nxg5 Rf8 17. Re3 Ne8 18. Rae1 Bf6 19. f4 Ng7 20. g4 Bxg5 21.
fxg5 e6 22. h4 f6 23. Nf3 Qd6 24. Qc2 Rae8 25. gxf6 Rxf6 26. Ne5 Ref8 27. Rf1
Rxf1+ 28. Bxf1 Qe7 29. Qh2 Ne8 30. Qg3 Nd6 31. Bd3 Ne4 32. Bxe4 dxe4 33. g5 b5
34. axb5 axb5 35. Ng4 Qg7 36. Nf6+ Kh8 37. Qe5 Bd5 38. Nxe4 Qxe5 39. dxe5 Rf4
40. Nf6 Bc4 41. Re4 Rf1+ 42. Kg2 Rd1 43. Rd4 Rxd4 44. cxd4 Kg7 45. Kf3 h6 46.
Ke3 hxg5 47. hxg5 Kf7 48. Kd2 b4 49. Ke3 Ke7 50. Ke4 Ba2 51. d5 exd5+ 52. Nxd5+
Bxd5+ 53. Kxd5 b3 54. e6 Ke8 55. Kd6 Kd8 56. Kd5 Ke7 57. Ke5 Ke8 58. Kf6 Kf8
59. Kxg6 Ke7 60. Kf5 1-0

[Event "81759 VII. Rakosmente Open"]
[Site "Budapest, Hungary"]
[Date "2013.09.14"]
[Round "4.6"]
[White "Yip, Michael"]
[Black "Mezei, Csaba"]
[Result "0-1"]
[WhiteElo "1993"]
[BlackElo "2127"]
[PlyCount "128"]
[EventDate "2013.??.??"]

1. d4 d5 2. c4 e6 3. Nc3 Nf6 4. Bg5 Be7 5. cxd5 exd5 6. e3 c6 7. Qc2 h6 8. Bf4
Be6 9. Nf3 Nbd7 10. h3 Rc8 11. Bd3 O-O 12. O-O c5 13. dxc5 Nxc5 14. Nd4 a6 15.
Rac1 Qd7 16. Rfd1 Nxd3 17. Qxd3 Rfd8 18. Nce2 Ne4 19. Rxc8 Rxc8 20. f3 Nc5 21.
Qd2 Bf6 22. Nc3 Rd8 23. Qf2 Na4 24. Qd2 Rc8 25. Nce2 Nc5 26. Rc1 Na4 27. Rxc8+
Qxc8 28. b3 Nc5 29. Qc2 b6 30. Qd2 Qb7 31. Qc2 Bd7 32. Kf2 Ne6 33. Bg3 b5 34.
b4 Be7 35. a3 Bf6 36. Bd6 Qb6 37. Nxe6 fxe6 38. Bc5 Qb8 39. Nf4 Qc8 40. Nh5 Qe8
41. Nf4 Qf7 42. Qd2 Bc6 43. Ne2 e5 44. Kg1 Qg6 45. Kh2 h5 46. Nc3 Qf7 47. e4 d4
48. Ne2 h4 49. Nc1 Qg6 50. Qf2 Bd7 51. Nd3 Bg5 52. Kh1 Qf6 53. Qa2+ Be6 54. Qc2
Bc4 55. Nb2 Qe6 56. Qd1 Bf4 57. Qe1 g5 58. a4 Kf7 59. axb5 Bxb5 60. Qa1 Qd7 61.
Kg1 d3 62. Kf2 d2 63. Qa2+ Kg7 64. Nd1 Qd3 0-1

[Event "81759 VII. Rakosmente Open"]
[Site "Budapest, Hungary"]
[Date "2013.09.14"]
[Round "4.7"]
[White "Filep, Gyorgy Dr"]
[Black "Czimer, Jozsef"]
[Result "1-0"]
[WhiteElo "1514"]
[BlackElo "1700"]
[PlyCount "71"]
[EventDate "2013.??.??"]

1. e4 d6 2. d4 g6 3. Nc3 Bg7 4. f4 c5 5. dxc5 Bxc3+ 6. bxc3 dxc5 7. Qxd8+ Kxd8
8. Be3 b6 9. g3 Bb7 10. Bg2 f5 11. Nf3 e6 12. exf5 exf5 13. O-O Kc7 14. Ne5 Nf6
15. Rad1 Bxg2 16. Kxg2 Nc6 17. Bc1 Rhe8 18. Rfe1 Ne4 19. Rd7+ Kc8 20. Red1 Nxe5
21. fxe5 Nxc3 22. R1d3 Ne4 23. e6 c4 24. R3d4 Rxe6 25. Bf4 Rc6 26. Rd8+ Kb7 27.
R4d7+ Ka6 28. Rxa8 Kb5 29. Raxa7 Nc5 30. Rd5 Re6 31. Re5 Rc6 32. c3 Rc8 33. Be3
Kc6 34. Bxc5 bxc5 35. Re6+ Kd5 36. Raa6 1-0

[Event "81759 VII. Rakosmente Open"]
[Site "Budapest, Hungary"]
[Date "2013.09.14"]
[Round "4.8"]
[White "Lakatos, Tamas"]
[Black "Makrai, Bence"]
[Result "1/2-1/2"]
[WhiteElo "1441"]
[BlackElo "1486"]
[PlyCount "106"]
[EventDate "2013.??.??"]

1. e4 e5 2. Nf3 Nc6 3. Bb5 a6 4. Bxc6 dxc6 5. O-O Bd6 6. d4 Bg4 7. dxe5 Bxf3 8.
Qxf3 Bxe5 9. Nc3 Qf6 10. Qe2 Ne7 11. Bd2 Bd4 12. Kh1 O-O-O 13. f3 Rhe8 14. Rad1
Nd5 15. Nxd5 cxd5 16. c3 Bc5 17. Rfe1 dxe4 18. fxe4 h6 19. Qf3 Qh4 20. Qf5+ Kb8
21. g3 Qe7 22. Qf3 g5 23. b4 Bd6 24. a4 b6 25. a5 Be5 26. axb6 cxb6 27. Qe3 Qe6
28. Ra1 b5 29. Rf1 Re7 30. Be1 Rb7 31. Rf2 f6 32. Rfa2 Rd6 33. Kg2 Rc6 34. Ra3
h5 35. Rd1 Rd6 36. Rxd6 Qxd6 37. Qd2 Rd7 38. Qxd6+ Rxd6 39. Kf2 Kb7 40. Ra1 h4
41. Ke3 hxg3 42. hxg3 Rc6 43. Rc1 g4 44. Ke2 Rc7 45. Ke3 Rh7 46. c4 bxc4 47.
Rxc4 Rh3 48. Rc5 Rh1 49. Bc3 Rc1 50. Kd3 Rxc3+ 51. Rxc3 Bxc3 52. Kxc3 Kc7 53.
Kd3 Kd7 1/2-1/2

[Event "81759 VII. Rakosmente Open"]
[Site "Budapest, Hungary"]
[Date "2013.09.14"]
[Round "4.9"]
[White "Czipp, Janos"]
[Black "Major, Marcell"]
[Result "1-0"]
[WhiteElo "1418"]
[BlackElo "1516"]
[PlyCount "161"]
[EventDate "2013.??.??"]

1. d4 d5 2. Nf3 e6 3. e3 c5 4. Nbd2 Nf6 5. b3 g6 6. Bb2 Bg7 7. Bd3 cxd4 8. exd4
Qc7 9. O-O O-O 10. Re1 Nc6 11. Ne5 Nxe5 12. dxe5 Nd7 13. Nf3 f6 14. Ba3 Re8 15.
Bd6 Qc6 16. Nd4 Qb6 17. Bb5 fxe5 18. Bxd7 Bxd7 19. Bxe5 Bxe5 20. Rxe5 Qd6 21.
Qe2 Qb6 22. Re1 Qxd4 23. Rd1 Qb6 24. Qg4 Qd6 25. Qg5 Kg7 26. Rde1 Qe7 27. Qg4
Rac8 28. Qd4 Kg8 29. Rxd5 Rxc2 30. Rxd7 Qf8 31. Qh4 h5 32. Qg3 Qf5 33. Qe3 Rxa2
34. Rxb7 Rf8 35. f3 g5 36. Qxe6+ Qxe6 37. Rxe6 Rd8 38. h3 Kf8 39. Rh6 Kg8 40.
Rxh5 g4 41. hxg4 Rdd2 42. Rg5+ Kf8 43. Rf5+ Kg8 44. Re5 Rxg2+ 45. Kf1 Kf8 46.
Rbe7 Rgf2+ 47. Ke1 Rfb2 48. Re2 Rb1+ 49. Kf2 Raa1 50. Re1 Rb2+ 51. Kf1 Rxe1+
52. Rxe1 Rxb3 53. Kf2 Kf7 54. Ra1 Rb7 55. Ra6 Rb2+ 56. Kg3 Rb6 57. Rxa7+ Kg6
58. Re7 Kf6 59. Re4 Rb3 60. Kf4 Rb5 61. Kg3 Rb3 62. Rf4+ Kg6 63. Kh4 Rb5 64.
Re4 Rb6 65. f4 Rf6 66. f5+ Kg7 67. Re7+ Kh8 68. Kg5 Rf8 69. f6 Rg8+ 70. Kf5 Rf8
71. g5 Rg8 72. g6 Rd8 73. Ke6 Kg8 74. Rg7+ Kh8 75. Rh7+ Kg8 76. f7+ Kf8 77.
Rh8+ Kg7 78. Rxd8 Kxg6 79. f8=Q Kg5 80. Qf5+ Kh4 81. Qg6 1-0

[Event "81759 VII. Rakosmente Open"]
[Site "Budapest, Hungary"]
[Date "2013.09.15"]
[Round "5.1"]
[White "Suranyi, Pal"]
[Black "Piroska, Istvan"]
[Result "0-1"]
[WhiteElo "2108"]
[BlackElo "2115"]
[PlyCount "82"]
[EventDate "2013.??.??"]

1. d4 d5 2. Nf3 Nf6 3. c4 e6 4. Nc3 c6 5. e3 Bd6 6. Qc2 Nbd7 7. e4 dxe4 8. Nxe4
Nxe4 9. Qxe4 Nf6 10. Qc2 h6 11. Bd2 O-O 12. Be2 Qc7 13. h3 Nd7 14. O-O e5 15.
Rad1 exd4 16. Nxd4 Nf6 17. Bf3 Be5 18. Nf5 Re8 19. b3 Be6 20. Be3 Rad8 21. Nd4
Bc8 22. b4 Bf4 23. Bxf4 Qxf4 24. Ne2 Qe5 25. Ng3 h5 26. Rxd8 Rxd8 27. Rd1 Re8
28. Qd2 h4 29. Ne2 Be6 30. Qd4 Qg5 31. Nf4 Bf5 32. Kh1 Be4 33. Bxe4 Rxe4 34.
Qd8+ Kh7 35. Nd3 Rxc4 36. Qe7 Qd5 37. Qxb7 Rd4 38. Qa6 Ne4 39. Kh2 c5 40. Nf4
Qe5 41. Rxd4 Qxf4+ 0-1

[Event "81759 VII. Rakosmente Open"]
[Site "Budapest, Hungary"]
[Date "2013.09.15"]
[Round "5.2"]
[White "Abraham, Lajos"]
[Black "Keszi, Janos"]
[Result "0-1"]
[WhiteElo "1818"]
[BlackElo "2084"]
[PlyCount "38"]
[EventDate "2013.??.??"]

1. d4 Nf6 2. c4 c5 3. d5 b5 4. b3 bxc4 5. bxc4 d6 6. Nc3 g6 7. Bb2 Bg7 8. f3
O-O 9. e4 e6 10. Bd3 exd5 11. exd5 Re8+ 12. Nge2 Nbd7 13. O-O Rb8 14. Rb1 Ne5
15. Ne4 Rxb2 16. Rxb2 Nxd3 17. Qxd3 Nxe4 18. Rb3 Nf6 19. Rfb1 Bf5 0-1

[Event "81759 VII. Rakosmente Open"]
[Site "Budapest, Hungary"]
[Date "2013.09.15"]
[Round "5.3"]
[White "Filep, Gyorgy Dr"]
[Black "Molnar, Laszlo"]
[Result "0-1"]
[WhiteElo "1514"]
[BlackElo "2041"]
[PlyCount "92"]
[EventDate "2013.??.??"]

1. e4 Nf6 2. e5 Nd5 3. c4 Nb6 4. d4 d6 5. Nf3 Nc6 6. Nc3 Bg4 7. e6 fxe6 8. Be3
Qd7 9. Be2 Bxf3 10. gxf3 g6 11. d5 Nd8 12. f4 Bg7 13. Bd4 e5 14. Be3 O-O 15.
fxe5 Bxe5 16. Bd4 Bxd4 17. Qxd4 e5 18. Qe3 Qf5 19. Ne4 Qf4 20. Qxf4 Rxf4 21. f3
Nf7 22. h4 Rf8 23. O-O-O Nd7 24. Rdg1 Nf6 25. h5 Kg7 26. Ng5 Nxg5 27. Rxg5 Rf5
28. Rxf5 gxf5 29. Bd3 e4 30. fxe4 fxe4 31. Be2 Kh6 32. Kd2 Nd7 33. Bg4 Ne5 34.
Be2 Nf3+ 35. Ke3 Ng5 36. Rc1 Rf5 37. b4 Kg7 38. Bg4 Re5 39. a4 Kf6 40. Bc8 b6
41. Bd7 Re7 42. Bc6 Ke5 43. Ra1 Rf7 44. a5 Rf3+ 45. Ke2 Kd4 46. Bb5 e3 0-1

[Event "81759 VII. Rakosmente Open"]
[Site "Budapest, Hungary"]
[Date "2013.09.15"]
[Round "5.4"]
[White "Mezei, Csaba"]
[Black "Marosi, Levente"]
[Result "1-0"]
[WhiteElo "2127"]
[BlackElo "2037"]
[PlyCount "137"]
[EventDate "2013.??.??"]

1. d4 Nf6 2. Bf4 g6 3. e3 Bg7 4. h3 O-O 5. Nf3 d6 6. c3 c5 7. Bc4 Nbd7 8. O-O
b6 9. Nbd2 Bb7 10. a4 a6 11. b4 cxb4 12. cxb4 Nd5 13. Bxd5 Bxd5 14. Rc1 Nf6 15.
Qc2 b5 16. e4 Bb7 17. a5 Rc8 18. Qd3 Qd7 19. Be3 d5 20. e5 Ne4 21. Ng5 Nxd2 22.
Bxd2 h6 23. Nf3 Rc4 24. Nh2 Qf5 25. Qxf5 gxf5 26. Rxc4 dxc4 27. f4 Rd8 28. Bc3
e6 29. Kf2 Bf8 30. Ke3 Be7 31. Rg1 Kh7 32. g3 Rg8 33. Kf2 Be4 34. Nf1 h5 35. h4
Rd8 36. Nd2 Bd5 37. Rd1 Kg6 38. Nf1 Rd7 39. Ne3 Bd8 40. Rg1 Be4 41. Nf1 Kh6 42.
Nd2 Bd5 43. Rd1 Kg6 44. Re1 Bc7 45. Nf1 Bb8 46. Re2 Ba7 47. Nd2 Bh1 48. Ke3 f6
49. exf6 Kxf6 50. Nf1 Bd5 51. Bb2 Be4 52. Nd2 Bd5 53. Bc3 Rg7 54. Kf2 Rd7 55.
Re1 Bc6 56. Ke3 Kf7 57. Rd1 Re7 58. Nf3 Bxf3 59. Kxf3 Rd7 60. Re1 Rd5 61. Re5
Bxd4 62. Rxd5 Bxc3 63. Rd6 Bxb4 64. Rxa6 c3 65. Ra7+ Kf6 66. a6 Bd6 67. Ke2 b4
68. Rb7 Bc5 69. Rb5 1-0

[Event "81759 VII. Rakosmente Open"]
[Site "Budapest, Hungary"]
[Date "2013.09.15"]
[Round "5.5"]
[White "Kovacsy, Barnabas"]
[Black "Yip, Michael"]
[Result "0-1"]
[WhiteElo "1556"]
[BlackElo "1993"]
[PlyCount "86"]
[EventDate "2013.??.??"]

1. e4 c5 2. Nf3 e6 3. d4 cxd4 4. Nxd4 a6 5. Nc3 Qc7 6. f3 Nf6 7. Bd3 Nc6 8. Nb3
Be7 9. Be3 b5 10. O-O O-O 11. Kh1 d6 12. f4 Bb7 13. Nd2 Rfe8 14. Qe2 Nb4 15. a3
Nxd3 16. cxd3 Rac8 17. Rac1 Qb8 18. h3 g6 19. Qf2 Nd7 20. Nb3 f5 21. Na5 Nc5
22. Bxc5 Rxc5 23. Nxb7 Qxb7 24. b4 Rc7 25. e5 dxe5 26. fxe5 Bg5 27. Rc2 Qc8 28.
Qe1 Rd8 29. Rf3 Rd4 30. g3 Qd8 31. Qe2 Rcd7 32. h4 Bh6 33. Nb1 Rxd3 34. Rxd3
Rxd3 35. Rc8 Qxc8 36. Qxd3 Qc6+ 37. Kh2 Bg7 38. Qd8+ Kf7 39. Qd3 Bxe5 40. Qe3
Qe4 41. Qa7+ Kf6 42. Qc5 Qe2+ 43. Kh1 Qf3+ 0-1

[Event "81759 VII. Rakosmente Open"]
[Site "Budapest, Hungary"]
[Date "2013.09.15"]
[Round "5.6"]
[White "Szoukup, Istvan"]
[Black "Mester, Attila"]
[Result "1-0"]
[WhiteElo "1767"]
[BlackElo "2071"]
[PlyCount "123"]
[EventDate "2013.??.??"]

1. d4 Nf6 2. c4 c5 3. d5 e6 4. Nc3 exd5 5. cxd5 d6 6. e4 g6 7. Nf3 Bg7 8. Bb5+
Nbd7 9. Bf4 Qe7 10. O-O O-O 11. Re1 Nh5 12. Bg5 Bf6 13. Qd2 Ne5 14. Be3 Nxf3+
15. gxf3 g5 16. Kh1 Kh8 17. Rg1 Rg8 18. f4 gxf4 19. Rxg8+ Kxg8 20. Rg1+ Kh8 21.
Bxf4 Bh3 22. Be2 Nxf4 23. Qxf4 Bd7 24. Bg4 Bxg4 25. Qxg4 Re8 26. f3 a6 27. Nd1
Bd4 28. Rg2 Rf8 29. Ne3 b5 30. Nf5 Qf6 31. Qh5 Bxb2 32. Rg7 Qxg7 33. Nxg7 Bxg7
34. f4 c4 35. e5 dxe5 36. fxe5 c3 37. Qe2 Rc8 38. Qg4 Rd8 39. Qe4 Rc8 40. Qf5
Rc4 41. Qxf7 h6 42. Qf1 c2 43. Qc1 Bxe5 44. Qxh6+ Kg8 45. Qg5+ Kf7 46. Qf5+ Bf6
47. Qh7+ Kf8 48. Qh6+ Ke7 49. d6+ Ke6 50. Qh3+ Kxd6 51. Qg3+ Kc5 52. Qe3+ Bd4
53. Qe7+ Kb6 54. Qd8+ Kb7 55. Qd7+ Rc7 56. Qd5+ Kc8 57. Qa8+ Kd7 58. Qd5+ Ke7
59. Qe4+ Kf8 60. Qf5+ Kg8 61. Qg5+ Kf7 62. Qf4+ 1-0

[Event "81759 VII. Rakosmente Open"]
[Site "Budapest, Hungary"]
[Date "2013.09.15"]
[Round "5.7"]
[White "Bartuszek, Andras"]
[Black "Czipp, Janos"]
[Result "1-0"]
[WhiteElo "1899"]
[BlackElo "1418"]
[PlyCount "55"]
[EventDate "2013.??.??"]

1. e4 d6 2. d4 g6 3. Bc4 e6 4. Nf3 Bh6 5. Nc3 Bxc1 6. Qxc1 Ne7 7. O-O O-O 8.
Bd3 Nbc6 9. a3 Kg7 10. Ne2 Qd7 11. Ng3 f5 12. Qg5 h6 13. Nh5+ Kh7 14. Nf6+ Rxf6
15. Qxf6 Ng8 16. Qh4 Qe7 17. exf5 Qxh4 18. fxg6+ Kg7 19. Nxh4 e5 20. d5 Nce7
21. c4 Bg4 22. f4 Nf6 23. fxe5 dxe5 24. Rae1 e4 25. Bxe4 Rf8 26. Bf3 Nxg6 27.
Nxg6 Kxg6 28. Bxg4 1-0

[Event "81759 VII. Rakosmente Open"]
[Site "Budapest, Hungary"]
[Date "2013.09.15"]
[Round "5.8"]
[White "Czimer, Jozsef"]
[Black "Lakatos, Tamas"]
[Result "0-1"]
[WhiteElo "1700"]
[BlackElo "1441"]
[PlyCount "138"]
[EventDate "2013.??.??"]

1. e4 c5 2. Nf3 e6 3. c4 Nc6 4. d4 cxd4 5. Nxd4 Nf6 6. Nc3 Bb4 7. f3 a6 8. Be3
Qc7 9. Rc1 O-O 10. Be2 Rd8 11. O-O Bc5 12. Qd2 b6 13. Rfd1 Bb7 14. Nb3 Bxe3+
15. Qxe3 Rab8 16. a3 Ba8 17. Rc2 Ne5 18. c5 b5 19. Na2 Nc6 20. Qd2 Rbc8 21. Qd6
Qxd6 22. Rxd6 Rc7 23. Nb4 Nxb4 24. axb4 Rc6 25. Rcd2 Rxd6 26. Rxd6 Bc6 27. Na5
Rc8 28. Bd1 Kf8 29. Bb3 Ke7 30. Kf1 Rc7 31. Ke2 h6 32. Ke3 Ne8 33. Rd1 g6 34.
g3 f5 35. exf5 gxf5 36. Ra1 Ra7 37. Nxc6+ dxc6 38. Kf4 Nf6 39. Ke5 Nd7+ 40. Kf4
Nf6 41. Re1 Nh5+ 42. Ke5 Ng7 43. Rd1 a5 44. bxa5 Rxa5 45. Rd6 Ra1 46. Rxc6 Re1+
47. Kd4 e5+ 48. Kd3 e4+ 49. fxe4 fxe4+ 50. Kd2 Rh1 51. Rxh6 e3+ 52. Ke2 Rb1 53.
Rh7 Rxb2+ 54. Kxe3 Rxb3+ 55. Kd4 Kf6 56. Rh6+ Ke7 57. Kd5 Rd3+ 58. Kc6 b4 59.
Rh4 b3 60. Rb4 Ne6 61. Rb7+ Ke8 62. Rb8+ Nd8+ 63. Kc7 Rd7+ 64. Kc8 Rb7 65. Rxb7
Nxb7 66. c6 Nd6+ 67. Kc7 Ke7 68. Kb8 b2 69. Kc7 b1=Q 0-1

[Event "81759 VII. Rakosmente Open"]
[Site "Budapest, Hungary"]
[Date "2013.09.15"]
[Round "6.1"]
[White "Piroska, Istvan"]
[Black "Keszi, Janos"]
[Result "1-0"]
[WhiteElo "2115"]
[BlackElo "2084"]
[PlyCount "76"]
[EventDate "2013.??.??"]

1. e4 c5 2. Nf3 d6 3. d4 cxd4 4. Nxd4 Nf6 5. Nc3 a6 6. Bd3 e5 7. Nde2 Be6 8.
O-O Be7 9. Be3 Nbd7 10. Ng3 Qc7 11. a4 h5 12. h3 g6 13. Re1 h4 14. Nf1 Nh5 15.
Nd2 f5 16. f3 f4 17. Bf2 Kf7 18. Nd5 Bxd5 19. exd5 Ng3 20. c4 Nc5 21. Ne4 a5
22. Bxc5 Nxe4 23. Ba3 Qb6+ 24. Kh2 Nf2 25. Qe2 Nxd3 26. Qxd3 Rac8 27. c5 dxc5
28. Rxe5 Qf6 29. Rae1 Rhe8 30. Qe4 Rcd8 31. Bxc5 Bxc5 32. Rxe8 Be3 33. Rxd8
Qxd8 34. Qe6+ Kg7 35. Qe5+ Kf7 36. d6 Qd7 37. Rd1 Kf8 38. Qh8+ Kf7 1-0

[Event "81759 VII. Rakosmente Open"]
[Site "Budapest, Hungary"]
[Date "2013.09.15"]
[Round "6.2"]
[White "Molnar, Laszlo"]
[Black "Suranyi, Pal"]
[Result "1/2-1/2"]
[WhiteElo "2041"]
[BlackElo "2108"]
[PlyCount "57"]
[EventDate "2013.??.??"]

1. e4 c5 2. b3 e6 3. Nf3 a6 4. Bb2 d6 5. g3 Nf6 6. d3 Nc6 7. Bg2 Be7 8. O-O O-O
9. Nbd2 Rb8 10. e5 dxe5 11. Nxe5 Nxe5 12. Bxe5 Bd6 13. Bb2 Be7 14. f4 b6 15.
Ne4 Nd5 16. Qe2 b5 17. Rad1 a5 18. c4 Nf6 19. d4 Nxe4 20. Bxe4 bxc4 21. dxc5
Bxc5+ 22. Kh1 Qe7 23. Qxc4 Bb7 24. Rfe1 Rfd8 25. Rxd8+ Rxd8 26. Bc3 Rc8 27.
Bxb7 Qxb7+ 28. Qe4 Qa6 29. Kg2 1/2-1/2

[Event "81759 VII. Rakosmente Open"]
[Site "Budapest, Hungary"]
[Date "2013.09.15"]
[Round "6.3"]
[White "Abraham, Lajos"]
[Black "Mezei, Csaba"]
[Result "0-1"]
[WhiteElo "1818"]
[BlackElo "2127"]
[PlyCount "120"]
[EventDate "2013.??.??"]

1. c4 c5 2. Nc3 Nc6 3. Nf3 e5 4. e3 d6 5. h3 Bf5 6. d4 Nb4 7. e4 exd4 8. exf5
dxc3 9. bxc3 Nc6 10. Bd3 Be7 11. O-O Bf6 12. Re1+ Nge7 13. Bd2 O-O 14. Rb1 Qc7
15. Qc2 h6 16. g4 Ne5 17. Be4 Rab8 18. Qa4 b6 19. Rbd1 Rbd8 20. Nxe5 dxe5 21.
Rf1 Kh8 22. Qc2 Ng8 23. Qc1 Rd6 24. Bd5 Rfd8 25. f4 e4 26. g5 hxg5 27. Kg2 Rxd5
28. cxd5 gxf4 29. Bxf4 Be5 30. Bxe5 Qxe5 31. Qf4 Qxc3 32. Qh4+ Nh6 33. Qxd8+
Kh7 34. Qh4 e3 35. Rde1 Qd2+ 36. Kg1 e2 37. Rf3 Qxd5 38. Qf2 Qxa2 39. Qxe2 Qa4
40. Qe4 Qa5 41. f6+ g6 42. Ref1 Qd2 43. Qe8 Qd6 44. Qe7 Qd4+ 45. Kh1 g5 46. Qf8
Kg6 47. Qg7+ Kh5 48. Qh7 c4 49. Qc2 b5 50. Qe2 Qd6 51. Qg2 Kg6 52. h4 g4 53.
Rf4 Qd7 54. Qc2+ Kh5 55. Qe4 Kxh4 56. Rg1 Kh5 57. Rg2 Qd1+ 58. Kh2 Qd6 59. Kg3
Kg5 60. Rh2 Qa3+ 0-1

[Event "81759 VII. Rakosmente Open"]
[Site "Budapest, Hungary"]
[Date "2013.09.15"]
[Round "6.4"]
[White "Yip, Michael"]
[Black "Bartuszek, Andras"]
[Result "1-0"]
[WhiteElo "1993"]
[BlackElo "1899"]
[PlyCount "67"]
[EventDate "2013.??.??"]

1. d4 Nf6 2. c4 g6 3. Nc3 d5 4. Nf3 Bg7 5. Qb3 dxc4 6. Qxc4 c6 7. e4 b5 8. Qb3
a5 9. e5 a4 10. Qd1 Nd5 11. Be2 O-O 12. O-O h6 13. Bd2 Be6 14. Ne4 Nd7 15. Qc1
Kh7 16. h4 Qb6 17. h5 Bf5 18. Ng3 e6 19. Nxf5 gxf5 20. Qc2 c5 21. g4 cxd4 22.
gxf5 Rac8 23. Qb1 Kh8 24. f6 N7xf6 25. exf6 Nxf6 26. Ne5 Rc5 27. Bf4 Qb7 28.
Rc1 Rg8 29. Bf3 Rxc1+ 30. Qxc1 Nd5 31. Kh1 Qe7 32. Bh2 Nb4 33. Qf4 f5 34. Ng6+
1-0

[Event "81759 VII. Rakosmente Open"]
[Site "Budapest, Hungary"]
[Date "2013.09.15"]
[Round "6.5"]
[White "Makrai, Bence"]
[Black "Szoukup, Istvan"]
[Result "0-1"]
[WhiteElo "1486"]
[BlackElo "1767"]
[PlyCount "128"]
[EventDate "2013.??.??"]

1. e4 e5 2. Nf3 Nc6 3. Bc4 Bc5 4. Nc3 d6 5. h3 Nf6 6. d3 h6 7. O-O O-O 8. a3 a5
9. Qe2 Nh5 10. Nd5 Ng3 11. Qe1 Nxf1 12. Qxf1 Nd4 13. Ne1 c6 14. Ne3 Be6 15. c3
Bxc4 16. Nxc4 Nb3 17. Rb1 Nxc1 18. Rxc1 f5 19. Nf3 fxe4 20. dxe4 d5 21. exd5 e4
22. Nd4 cxd5 23. Ne3 Qf6 24. Rd1 Rf7 25. Nxd5 Qa6 26. Qxa6 Rxa6 27. b4 axb4 28.
axb4 Bxd4 29. cxd4 Ra2 30. Nc3 Rb2 31. b5 Rc7 32. Nxe4 Rxb5 33. d5 Rd7 34. d6
Re5 35. f3 b5 36. Rd4 Kf7 37. g4 Ke6 38. f4 Rd5 39. Rb4 R7xd6 40. Nxd6 Kxd6 41.
Kf2 Kc5 42. Re4 Rd7 43. h4 b4 44. Re8 b3 45. Rc8+ Kb4 46. Rb8+ Kc3 47. Rc8+ Kd2
48. Rb8 Kc2 49. Rc8+ Kb1 50. Rb8 b2 51. Ke2 Ra7 52. g5 Ka2 53. f5 Ra3 54. f6
gxf6 55. gxf6 b1=Q 56. Rxb1 Kxb1 57. f7 Ra8 58. Kf3 Rf8 59. Kg4 Rxf7 60. Kh5
Rf6 61. Kg4 Kc2 62. Kh5 Kd3 63. Kg4 Ke4 64. Kh5 Rf4 0-1

[Event "81759 VII. Rakosmente Open"]
[Site "Budapest, Hungary"]
[Date "2013.09.15"]
[Round "6.6"]
[White "Lakatos, Tamas"]
[Black "Filep, Gyorgy Dr"]
[Result "1/2-1/2"]
[WhiteElo "1441"]
[BlackElo "1514"]
[PlyCount "54"]
[EventDate "2013.??.??"]

1. e4 c6 2. d4 d5 3. Nc3 dxe4 4. Nxe4 Nd7 5. Nf3 Ngf6 6. Nxf6+ Nxf6 7. c3 Bf5
8. Bd3 Bxd3 9. Qxd3 e6 10. O-O Be7 11. Re1 O-O 12. Bg5 c5 13. Rad1 Qc7 14. Bxf6
Bxf6 15. dxc5 Rfd8 16. Qe3 a5 17. g3 Be7 18. Kg2 Bxc5 19. Nd4 Re8 20. Qf3 Qb6
21. Nb3 Be7 22. Qe3 Qxe3 23. Rxe3 a4 24. Nc1 Red8 25. Red3 Rxd3 26. Rxd3 Rd8
27. Rxd8+ Bxd8 1/2-1/2

[Event "81759 VII. Rakosmente Open"]
[Site "Budapest, Hungary"]
[Date "2013.09.15"]
[Round "6.7"]
[White "Major, Marcell"]
[Black "Marosi, Levente"]
[Result "0-1"]
[WhiteElo "1516"]
[BlackElo "2037"]
[PlyCount "60"]
[EventDate "2013.??.??"]

1. e4 c5 2. Nf3 d6 3. d4 cxd4 4. Nxd4 Nf6 5. Nc3 a6 6. f3 e5 7. Nb3 Be6 8. Be3
Nbd7 9. Qd2 h5 10. Be2 Rc8 11. O-O-O b5 12. Nd5 Bxd5 13. exd5 Nb6 14. Bg5 Be7
15. Bxf6 Bxf6 16. Kb1 Nc4 17. Bxc4 bxc4 18. Nc1 O-O 19. Ne2 Rb8 20. c3 Rb5 21.
Qc2 Qb6 22. Ng3 Rb8 23. Rd2 g6 24. Ne4 Be7 25. Re1 Qa5 26. Ree2 f5 27. Nf2 Bg5
28. Rd1 Rb3 29. Nh3 Bh6 30. g3 Rxc3 0-1

[Event "81759 VII. Rakosmente Open"]
[Site "Budapest, Hungary"]
[Date "2013.09.15"]
[Round "6.8"]
[White "Novak, Levente Peter"]
[Black "Kovacsy, Barnabas"]
[Result "1/2-1/2"]
[WhiteElo "1411"]
[BlackElo "1556"]
[PlyCount "56"]
[EventDate "2013.??.??"]

1. e4 c5 2. Nf3 e6 3. d3 Nc6 4. c3 Qc7 5. g3 Be7 6. Bf4 d6 7. Bg2 Nf6 8. Nbd2
b5 9. O-O O-O 10. Qc2 Bb7 11. Rac1 Rac8 12. Rfe1 e5 13. Bg5 Qb8 14. Qb1 h6 15.
Be3 Rc7 16. Nb3 a5 17. Rc2 a4 18. Nc1 b4 19. c4 Bc8 20. Rd2 Ng4 21. Ne2 Bd8 22.
Qc2 Ra7 23. Rdd1 Bd7 24. Ra1 Qa8 25. Qd1 Bc7 26. Nh4 Ne7 27. Bd2 Qb7 28. Rf1
Nf6 1/2-1/2

[Event "81759 VII. Rakosmente Open"]
[Site "Budapest, Hungary"]
[Date "2013.09.15"]
[Round "6.9"]
[White "Czipp, Janos"]
[Black "Czimer, Jozsef"]
[Result "0-1"]
[WhiteElo "1418"]
[BlackElo "1700"]
[PlyCount "60"]
[EventDate "2013.??.??"]

1. d4 g6 2. Nf3 Bg7 3. e3 c5 4. Bd3 Nf6 5. Nbd2 b6 6. O-O Bb7 7. Rb1 O-O 8. b4
cxd4 9. Nxd4 Nc6 10. c3 Rc8 11. Bb2 Ne5 12. Be2 d5 13. f3 a6 14. Rf2 Nc4 15.
Nxc4 dxc4 16. a4 e5 17. Nc2 Qc7 18. Na3 Rfd8 19. Qe1 Bd5 20. Qf1 Be6 21. Nxc4
Bxc4 22. Bxc4 Qxc4 23. Re2 b5 24. a5 Rd3 25. Rd1 Rcd8 26. Rxd3 Rxd3 27. Qe1 Nd5
28. e4 Nxc3 29. Rd2 Qd4+ 30. Kh1 Rxd2 0-1